Statistiken für Bezirke der DDR

Klicken Sie hier um das Quiz zu spielen!

Allgemein

  • Dieses Quiz wurde 192 mal gespielt
  • Das Durchschnittsergebnis liegt bei 13 aus 15

Antwortstatistiken

Answer % Korrekt
Berlin
96%
Dresden
94%
Leipzig
93%
Rostock
92%
Karl-Marx-Stadt
91%
Magdeburg
91%
Schwerin
90%
Erfurt
89%
Potsdam
86%
Halle
83%
Cottbus
79%
Gera
77%
Frankfurt (Oder)
74%
Neubrandenburg
65%
Suhl
54%

Verteilung der Resultate

Perzentil nach korrekt beantworteten Fragen

Anzahl Personen mit jedem Resultat

Ihre Resultats-Entwicklung

Sie haben dieses Quiz noch nicht gespielt